Κατασκευές για την Πρωτομαγιά, την Άνοιξη και το Καλοκαίρι, Κάρτες και Δωράκια για τη Γιορτή της Μητέρας (Record no. 9498)
[ view plain ]
| 000 -LEADER | |
|---|---|
| fixed length control field | 01619cam a22001814a 4500 |
| 005 - ΗΜΕΡΟΜΗΝΙΑ ΚΑΙ ΩΡΑ ΤΕΛΕΥΤΑΙΑΣ ΕΝΗΜΕΡΩΣΗΣ | |
| Πεδίο ελέγχου | 20250605164402.0 |
| 008 - FIXED-LENGTH DATA ELEMENTS--GENERAL INFORMATION | |
| Πεδίο ελέγχου σταθερού μήκους | 250528s ||||||||||||||||||||||||d |
| 035 ## - SYSTEM CONTROL NUMBER | |
| System control number | 24629 |
| 040 ## - ΠΗΓΗ ΚΑΤΑΛΟΓΟΓΡΑΦΗΣΗΣ | |
| Φορέας πρωτότυπης καταλογογράφησης | MC Athens Campus Library |
| Γλώσσα καταλογογράφησης | Ελληνικά, Μοντέρνα (1453-) |
| Modifying agency | MC Athens Campus Library |
| Κανόνες περιγραφικής καταλογογράφησης | AACR2 |
| 245 1# - ΤΙΤΛΟΣ ΚΑΙ ΔΗΛΩΣΗ ΥΠΕΥΘΥΝΟΤΗΤΑΣ | |
| Τίτλος | Κατασκευές για την Πρωτομαγιά, την Άνοιξη και το Καλοκαίρι, Κάρτες και Δωράκια για τη Γιορτή της Μητέρας |
| 260 ## - PUBLICATION, DISTRIBUTION, ETC. | |
| Name of publisher, distributor, etc. | Δημιουργικό Εργαστήρι, |
| Date of publication, distribution, etc. | 2012 |
| 300 ## - PHYSICAL DESCRIPTION | |
| Extent | 60 |
| 520 ## - SUMMARY, ETC. | |
| Summary, etc. | Η Μουσική και οι Κόρες της, Στεφάνι Πρωτομαγιάς, Πρωτομαγιάτικο Στεφάνι με Κορδέλες, Βραβείο Καλύτερης Μανούλας, Κάρτες για τη Γιορτή της Μαμάς Ανθισμένος Κήπος, Κάρτες με Λευκό Χόρτο Συσκευασίας και Καρδιές, Κάρτες Τσαντούλες με Ευχές για τη Γιορτή της Μητέρας, Μανούλα σου Χαρίζω την Καρδούλα μου, Χωνάκι με Χάρτινα Λουλούδια Δωράκι για τη Μητέρα, Γλαστράκι, Λουλούδι με Βάζο, Μελισσούλα, Ανεμόμυλοι, Κιθάρα, Χρυσόψαρο στη Γυάλα, Χταπόδι Μόπιλε, Πρόσκληση Βαρκούλα, Ψαράκια, Καλοκαιρινή Κορνίζα, Μαθαίνοντας Καλούς Τρόπους. |
| 700 1# - ΠΡΟΣΘΕΤΗ ΑΝΑΓΡΑΦΗ--ΦΥΣΙΚΟ ΠΡΟΣΩΠΟ | |
| Personal name | Βασδέκη Κυριακή |
| 9 (RLIN) | 9498 |
| 942 ## - ADDED ENTRY ELEMENTS (KOHA) | |
| Koha item type | Περιοδικά Δημοσιεύματα |
| Τύπος τεκμηρίου | Βιβλιοθήκη | Τρέχουσα τοποθεσία | Barcode | Ημερομηνία απόκτησης | Ταξιθετικό σύμβολο | Αριθμός αντιτύπου | Αρίθμηση σειρών / χρονολογία | Κατάσταση απόσυρσης | Κατάσταση χαμένου | Κατάσταση κατεστραμμένου | Μη δανεισμός | Σύνολο δανεισμών | Ημερομηνία τελευταίας εμφάνισης | Η τιμή ισχύει από |
|---|---|---|---|---|---|---|---|---|---|---|---|---|---|---|
| Περιοδικά Δημοσιεύματα | MC Athens Campus Library | MC Athens Campus Library | 9780000094971 | 05/06/2025 | ΔΗΜΙΟΥΡΓΙΚΟ ΕΡΓΑΣΤΗΡΙ | 1 | 63 | 05/06/2025 | 05/06/2025 |